[Event "Match"]
[Site "www.echecsemail.com"]
[Date "2016.02.16"]
[Round "1"]
[White "Llord"]
[Black "Elogic"]
[WhiteElo "1820"]
[BlackElo "2150"]
[Result "0-1"]
[Round "1"]
1.e4 e5
2.Ng1f3 f6
3.Nb1c3 Nb8c6
4.Bf1c4 b6
5.Bc4d5 Bc8b7
6.d3 Bf8c5
7.Bc1e3 Bc5xe3
8.fxe3 Ng8e7
9.O-O Ne7xd5
10.exd5 Nc6e7
11.e4 Ne7g6
12.Nf3d2 Qd8e7
13.Nc3b5 Qe7c5
14.Kh1 Qc5xb5
15.b3 d6
16.c4 Qb5c5
17.a3 Ng6f4
18.b4 Qc5d4
19.Nd2b3 Qd4e3
20.Rf1e1 Qe3xd3
21.Qd1xd3 Nf4xd3
22.Re1e3 Nd3b2
23.c5 dxc5
24.bxc5 bxc5
25.Nb3xc5 Bb7c8
26.Ra1b1 Nb2c4
27.Re3c3 Nc4b6
28.Nc5e6 Bc8xe6
29.dxe6 O-O-O
30.Rb1c1 Rh8e8
31.Rc3xc7 Kb8
32.Rc7xg7 Re8xe6
33.Rg7xh7 Re6d6
34.h3 Rd6d1
35.Rc1xd1 Rd8xd1
36.Kh2 Rd1a1
37.h4 Ra1xa3
38.h5 a5
39.h6 Ra3e3
40.Rh7h8 Ka7
41.h7 Re3xe4
42.Rh8a8 Nb6xa8
43.h8Q Re4f4
44.Qh8d8 a4
45.Qd8a5 Kb7
46.g3 Rf4d4
47.Kh3 e4
48.Qa5b5 Na8b6
49.Kg4 a3
50.Qb5a5 Rd4a4
51.Qa5c3 a2
52.Qc3a1 Nb6d5
53.Qa1b2 Ka8
54.Qb2a1 Ra4a3
55.Kf5 e3
{ resign }
0-1

[Event "Match"]
[Site "www.echecsemail.com"]
[Date "2016.02.16"]
[Round "1"]
[White "Conde7"]
[Black "Manolinex"]
[WhiteElo "2840"]
[BlackElo "2870"]
[Result "1/2-1/2"]
[Round "1"]
1.e4 c5
2.Ng1f3 d6
3.d4 cxd4
4.Nf3xd4 Ng8f6
5.Nb1c3 a6
6.h3 e5
7.Nd4b3 Bf8e7
8.Bc1e3 Bc8e6
9.g4 d5
10.exd5 Nf6xd5
11.Bf1g2 Nd5xe3
12.Qd1xd8 Be7xd8
13.fxe3 Bd8h4
14.Kf1 Nb8c6
15.Nb3c5 Be6c4
16.Kg1 Bh4g5
17.Nc5xb7 { draw }
1/2-1/2

[Event "Match"]
[Site "www.echecsemail.com"]
[Date "2016.02.16"]
[Round "1"]
[White "Elogic"]
[Black "Ostapbender"]
[WhiteElo "2059"]
[BlackElo "2760"]
[Result "0-1"]
[Round "1"]
1.e3 g6
2.c4 Bf8g7
3.d4 c5
4.Ng1f3 Ng8f6
5.d5 O-O
6.g3 d6
7.Bf1g2 b5
8.Nf3d2 bxc4
9.Nd2xc4 Bc8a6
10.Qd1e2 Nb8d7
11.Nb1a3 Nd7b6
12.Ra1b1 Nf6xd5
13.Bg2xd5 Nb6xd5
14.Bc1d2 Nd5b6
15.b3 d5
16.Bd2a5 dxc4
17.bxc4 Qd8d7
18.Ba5xb6 Bg7c3
19.Kf1 axb6
20.Rb1xb6 Ba6b7
21.Rh1g1 Qd7h3
{ resign }
0-1

[Event "Match"]
[Site "www.echecsemail.com"]
[Date "2016.02.16"]
[Round "1"]
[White "Glenno"]
[Black "Elogic"]
[WhiteElo "2410"]
[BlackElo "2059"]
[Result "1-0"]
[Round "1"]
1.e4 e5
2.Ng1f3 Ng8f6
3.Nf3xe5 d5
4.exd5 Qd8xd5
5.Qd1e2 Bf8e7
6.Nb1c3 Qd5e6
7.d4 Be7d6
8.Ne5c4 Qe6xe2
9.Bf1xe2 Bc8e6
10.Nc4xd6 cxd6
11.Bc1g5 Nb8d7
12.Nc3b5 Nf6d5
13.c4 Nd5b4
14.Nb5c7 Kf8
15.Nc7xa8 Nb4c2
16.Kd2 Nc2xa1
17.Rh1xa1 f6
18.Na8c7 fxg5
19.Nc7xe6 Ke7
20.Ne6xg5 h6
21.Ng5e4 { resign }
1-0

[Event "Match"]
[Site "www.echecsemail.com"]
[Date "2016.02.16"]
[Round "1"]
[White "Genius7"]
[Black "Liencam2"]
[WhiteElo "2150"]
[BlackElo "2350"]
[Result "0-1"]
[Round "1"]
1.d4 Ng8f6
2.Ng1f3 g6
3.g3 Bf8g7
4.Bf1g2 c5
5.O-O O-O
6.c3 Nb8a6
7.h3 d6
8.Nb1d2 Ra8b8
9.dxc5 Na6xc5
10.Nd2b3 b6
11.Nf3d4 Bc8b7
12.Bg2xb7 Rb8xb7
13.Bc1g5 h6
14.Bg5xf6 Bg7xf6
15.Qd1d2 Kh7
16.Ra1d1 Qd8d7
17.Kg2 Nc5e4
18.Qd2e3 d5
19.Nd4f3 Bf6g7
20.Nf3d4 e5
21.Nd4f3 f5
22.Qe3d3 Ne4f6
 { time }
0-1

[Event "Match"]
[Site "www.echecsemail.com"]
[Date "2016.02.16"]
[Round "1"]
[White "Leeds"]
[Black "Raulazo"]
[WhiteElo "1720"]
[BlackElo "1860"]
[Result "0-1"]
[Round "1"]
1.d4 g6
2.g3 Bf8g7
3.Bf1g2 d5
4.Nb1c3 Ng8f6
5.Ng1f3 O-O
6.Nf3e5 Nb8c6
7.O-O Nf6d7
8.Ne5xd7 Qd8xd7
9.e3 e5
10.dxe5 Bg7xe5
11.Nc3xd5 f6
12.c4 Nc6e7
13.Qd1c2 c6
14.Nd5xe7 Qd7xe7
15.Bc1d2 Bc8f5
16.e4 Bf5g4
17.h3 Bg4e2
18.Rf1e1 Be2h5
19.Bd2c3 g5
20.Bc3xe5 fxe5
21.g4 Bh5g6
22.a3 Rf8f7
23.Ra1d1 Qe7c5
24.b4 Qc5e7
25.c5 Ra8f8
26.Re1e2 h5
 { time }
0-1

[Event "Match"]
[Site "www.echecsemail.com"]
[Date "2016.02.16"]
[Round "1"]
[White "Wwgia"]
[Black "Mchess"]
[WhiteElo "2170"]
[BlackElo "1690"]
[Result "1-0"]
[Round "1"]
1.d4 Ng8f6
2.c4 e6
3.Ng1f3 d5
4.Nb1c3 Bf8e7
5.Bc1g5 O-O
6.e3 h6
7.Bg5xf6 Be7xf6
8.Qd1d2 c6
9.O-O-O a6
10.c5 b6
11.cxb6 Qd8xb6
12.g4 c5
13.Nc3a4 Qb6c7
14.Na4xc5 Bc8b7
15.Kb1 Nb8d7
16.Nc5xd7 Qc7xd7
17.h4 Ra8c8
18.g5 hxg5
19.hxg5 { time. }
1-0

[Event "Match"]
[Site "www.echecsemail.com"]
[Date "2016.02.16"]
[Round "1"]
[White "Starcommand"]
[Black "Wagner"]
[WhiteElo "1499"]
[BlackElo "1710"]
[Result "1-0"]
[Round "1"]
1.e4 e5
2.Ng1f3 d6
3.d4 Bc8g4
4.dxe5 Bg4xf3
5.Qd1xf3 dxe5
6.Bf1c4 Ng8f6
7.Qf3b3 b6
8.Bc4xf7 Kd7
9.Qb3e6 
1-0

[Event "Match"]
[Site "www.echecsemail.com"]
[Date "2016.02.16"]
[Round "1"]
[White "Castletyme"]
[Black "Tonino1"]
[WhiteElo "1880"]
[BlackElo "1990"]
[Result "0-1"]
[Round "1"]
1.e4 c5
2.Ng1f3 d6
3.Bf1b5 Nb8d7
4.Bb5xd7 Bc8xd7
5.O-O Bd7c6
6.d3 e6
7.Nb1c3 Qd8c7
8.Nc3e2 Ng8f6
9.Ne2g3 Bf8e7
10.Bc1g5 O-O
11.Bg5xf6 Be7xf6
12.c3 d5
13.exd5 exd5
14.Rf1e1 Ra8e8
15.Re1xe8 Rf8xe8
16.Nf3d2 g6
17.Nd2f3 Re8e6
18.Ra1b1 d4
19.cxd4 cxd4
20.Rb1c1 Qc7e7
21.Rc1c4 Bc6xf3
22.Qd1xf3 Re6e1
23.Ng3f1 Qe7e2
24.Qf3xe2 Re1xe2
25.Rc4c8 Kg7
26.Rc8a8 Re2xb2
27.Ra8xa7 Bf6h4
28.g3 Bh4g5
29.f4 Bg5e7
30.Ra7a4 Be7c5
31.h3 b5
32.Ra4a6 Bc5b4
33.g4 Bb4e1
{ resign }
0-1

[Event "1/128 Finale"]
[Site "www.chess-mail.com"]
[Date "2016.02.16"]
[Round "1"]
[White "Powerchess"]
[Black "Madz123456"]
[WhiteElo "1530"]
[BlackElo "2280"]
[Result "0-1"]
[Round "1"]
1.d4 Ng8f6
2.c4 e6
3.Ng1f3 b6
4.g3 Bc8a6
5.b3 Bf8b4
6.Bc1d2 Bb4e7
7.Bf1g2 c6
 { time }
0-1

[Event "1/128 Finale"]
[Site "www.chess-mail.com"]
[Date "2016.02.16"]
[Round "1"]
[White "Maredocla"]
[Black "Attatroll"]
[WhiteElo "2060"]
[BlackElo "2030"]
[Result "0-1"]
[Round "1"]
1.f4 d5
2.Ng1f3 Nb8c6
3.b3 Ng8f6
4.Bc1b2 Bc8f5
5.a3 e6
6.Nf3e5 Bf8d6
7.e3 O-O
8.Ne5xc6 bxc6
9.h3 Nf6e4
10.Qd1f3 Qd8h4
11.Ke2 Ne4g3
12.Kd1 Ng3xh1
13.g4 Bf5e4
14.Qf3e2 Nh1f2
15.Kc1 Nf2xh3
16.Nb1c3 Nh3f2
17.Kb1 Nf2xg4
18.Nc3xe4 dxe4
19.Qe2g2 g6
20.Ka2 h5
21.Bf1e2 Qh4f2
22.Qg2xf2 Ng4xf2
23.Ra1g1 Kh7
24.Rg1g2 Nf2g4
25.Be2xg4 f5
26.Bg4e2 Ra8d8
27.Be2c4 Rf8e8
28.Bc4a6 e5
29.fxe5 Bd6xe5
30.Ba6c4 Be5xb2
31.Kxb2 Rd8d6
32.b4 Kh6
33.a4 g5
34.b5 cxb5
35.Bc4xb5 Rd6b6
36.Ka3 c6
37.Bb5c4 g4
38.Rg2h2 Kg5
39.Bc4f7 Re8h8
40.Bf7c4 g3
41.Rh2g2 h4
42.Bc4e2 Rb6b1
43.c3 Rb1h1
{ resign }
0-1

[Event "Eq:Royal chess-Equipo Juan Diaz : "]
[Site "www.chess-mail.com"]
[Date "2016.02.16"]
[Round "1"]
[White "Genius7"]
[Black "Astigitana"]
[WhiteElo "2130"]
[BlackElo "2410"]
[Result "0-1"]
[Round "1"]
1.d4 d5
2.Ng1f3 Ng8f6
3.g3 e6
4.Bf1g2 Bf8e7
5.O-O O-O
6.Nf3e5 c5
7.c3 Nb8d7
 { time }
0-1

[Event "Eq:Royal chess-Equipo Juan Diaz : "]
[Site "www.chess-mail.com"]
[Date "2016.02.16"]
[Round "1"]
[White "Astigitana"]
[Black "Genius7"]
[WhiteElo "2410"]
[BlackElo "2130"]
[Result "1-0"]
[Round "1"]
1.d4 d5
2.c4 e6
3.Nb1c3 c5
4.cxd5 cxd4
5.Qd1xd4 Nb8c6
6.Qd4d1 exd5
7.Qd1xd5 Bf8d6
8.Bc1g5 Ng8e7
9.Qd5d2  { time }
1-0

[Event "Tourn. n8558"]
[Site "www.chess-mail.com"]
[Date "2016.02.17"]
[Round "1"]
[White "Yangqi"]
[Black "Seger"]
[WhiteElo "2630"]
[BlackElo "2740"]
[Result "1/2-1/2"]
[Round "1"]
1.e4 c5
2.Ng1f3 d6
3.d4 cxd4
4.Nf3xd4 Nb8c6
5.Bf1b5 Bc8d7
6.O-O g6
7.Nd4xc6 bxc6
8.Bb5c4 Ng8f6
9.Nb1c3 Bf8g7
10.f3 Qd8b6
11.Kh1 O-O
12.Qd1d3 Ra8b8
13.Ra1b1 Bd7c8
14.Bc1e3 Qb6c7
15.Rf1d1 Nf6d7
16.Bc4b3 Nd7b6
17.a3 c5
18.Bb3a2 Bc8d7
19.Be3g5 Bd7c6
20.Qd3d2 Rb8b7
21.Bg5h6 Bg7xh6
22.Qd2xh6 Nb6a4
23.Nc3xa4 Bc6xa4
24.Qh6d2 Rf8c8
25.Ba2c4 Ba4b5
26.Bc4xb5 Rb7xb5
27.b3 a5
28.Qd2d5 Rc8b8
29.Qd5c4 a4
30.Qc4xa4 Rb5a5
31.Qa4c4 Ra5xa3
32.Rb1a1 Rb8a8
33.Ra1xa3 Ra8xa3
34.g4 Qc7a5
35.g5 Ra3a1
36.Qc4f1 { draw }
1/2-1/2

[Event "Tourn. n8621"]
[Site "www.chess-mail.com"]
[Date "2016.02.17"]
[Round "1"]
[White "Darko10"]
[Black "Cathar"]
[WhiteElo "2510"]
[BlackElo "2350"]
[Result "1-0"]
[Round "1"]
1.e4 c5
2.Ng1f3 d6
3.d4 cxd4
4.Nf3xd4 Ng8f6
5.Nb1c3 a6
6.Bc1g5 e6
7.Qd1f3 h6
8.Bg5e3 Bc8d7
9.Qf3g3 Nb8c6
10.Nd4xc6 Bd7xc6
11.f3 Qd8c7
12.O-O-O O-O-O
13.Bf1c4 Rh8g8
14.Nc3e2 Bc6xe4
15.Bc4xe6 fxe6
16.fxe4 Qc7c4
17.Ne2c3 Nf6xe4
18.Qg3g4 Ne4d2
19.Qg4h3 Nd2e4
20.Rd1d4 { resign }
1-0

[Event "Tourn. n8588"]
[Site "www.chess-mail.com"]
[Date "2016.02.17"]
[Round "1"]
[White "Comrade"]
[Black "Vitoriccardo"]
[WhiteElo "2100"]
[BlackElo "1920"]
[Result "1/2-1/2"]
[Round "1"]
1.c4 e5
2.Nb1c3 d6
3.g3 f5
4.d3 Ng8f6
5.Bf1g2 Bf8e7
6.e3 O-O
7.Ng1e2 c6
8.O-O Bc8e6
9.b3 Nb8d7
10.Bc1b2 Kh8
11.Qd1c2 Ra8c8
12.Ra1d1 d5
13.f4 Be7d6
14.fxe5 Nd7xe5
15.Ne2f4 Qd8d7
16.h3 Ne5f7
17.Nc3e2 Bd6e5
18.Nf4xe6 Qd7xe6
19.Ne2d4 Be5xd4
20.Bb2xd4 dxc4
21.dxc4 Nf7g5
22.Rf1xf5 Nf6e4
23.Rf5e5 Qe6h6
24.Bg2xe4 Ng5xh3
25.Kg2 Rf8f2
26.Qc2xf2 Nh3xf2
27.Kxf2 Qh6h2
28.Kf3 Rc8f8
29.Re5f5 Qh2h5
30.g4 Qh5h3
31.Kf4 Qh3h2
32.Kf3 Qh2h3
33.Kf4 Qh3h2
34.Kf3 Qh2h3

1/2-1/2

[Event "Tourn. n8492"]
[Site "www.chess-mail.com"]
[Date "2016.02.17"]
[Round "1"]
[White "Emiondi"]
[Black "Yangqi"]
[WhiteElo "2219"]
[BlackElo "2590"]
[Result "0-1"]
[Round "1"]
1.d4 d5
2.c4 Bc8f5
3.Nb1c3 e6
4.Ng1f3 Ng8f6
5.Bc1g5 c6
6.e3 h6
7.Bg5h4 Bf8e7
8.cxd5 cxd5
9.Bf1d3 Bf5xd3
10.Qd1xd3 O-O
11.O-O Nb8c6
12.a3 Ra8c8
13.b4 Nf6e8
14.Bh4xe7 Nc6xe7
15.Rf1e1 Ne8d6
16.Nf3d2 Qd8d7
17.e4 dxe4
18.Nc3xe4 Nd6xe4
19.Qd3xe4 Rc8c3
20.Re1e3 Ne7d5
21.Re3xc3 Nd5xc3
22.Qe4d3 Qd7xd4
23.Qd3xd4 Nc3e2
24.Kf1 Ne2xd4
25.Ra1c1 f6
26.f3 Rf8f7
27.Kf2 Rf7d7
28.Ke3 Nd4b5
29.a4 Nb5c7
30.Rc1c4 Nc7d5
31.Ke2 Nd5b6
32.Rc4e4 e5
33.a5 Nb6d5
34.Ke1 Rd7c7
35.Re4c4 Rc7xc4
36.Nd2xc4 Nd5xb4
37.Nc4d6 b6
38.axb6 axb6
39.Nd6c4 Nb4d5
40.Kd2 Kf7
41.g3 Ke6
42.Kd3 b5
43.Nc4a3 Nd5c7
44.Kc3 Kd5
45.Kd3 b4
46.Na3c2 Kc5
47.h4 b3
48.Nc2a3 Kb4
49.Na3b1 Nc7b5
50.Kd2 Nb5d4
51.Ke3 b2
{ resign }
0-1

[Event "Tourn. n8624"]
[Site "www.chess-mail.com"]
[Date "2016.02.17"]
[Round "1"]
[White "Cal"]
[Black "Gatrooper"]
[WhiteElo "1630"]
[BlackElo "1680"]
[Result "1-0"]
[Round "1"]
1.d4 d5
2.h3 h6
3.Ng1f3 Nb8c6
4.e3 a6
5.a3 Ng8f6
6.Nb1c3 e6
7.b4 e5
8.dxe5 Nf6e4
9.Nc3xd5 Bc8e6
10.c4 Be6xd5
11.cxd5 Nc6e7
12.Bf1d3 Ne4c3
13.Qd1c2 Ne7xd5
14.O-O c6
15.Bc1b2 Nc3b5
16.Bd3c4 Nd5e7
17.Ra1d1 Qd8b8
18.e6 fxe6
19.Bc4xe6 Ne7d5
20.Be6xd5 cxd5
21.Rd1xd5 Bf8e7
22.Qc2g6 Kf8
23.Qg6xg7 Ke8
24.Qg7xh8 Kf7
25.Qh8g7 Ke6
26.e4 Qb8f8
27.Qg7e5 Kf7
28.Qe5f5 Ke8
29.Qf5d7 Kf7
30.Rd5f5 Kg8
31.Rf5xf8 Ra8xf8
32.Qd7xe7 Rf8f7
33.Qe7e8 Rf7f8
34.Qe8g6 { resign }
1-0

[Event "Tourn. n8622"]
[Site "www.chess-mail.com"]
[Date "2016.02.17"]
[Round "1"]
[White "Jjmcbride"]
[Black "Paul30"]
[WhiteElo "1490"]
[BlackElo "1499"]
[Result "1-0"]
[Round "1"]
1.e4 e5
2.Ng1f3 Nb8c6
3.d4 exd4
4.Nf3xd4 Bf8c5
5.c3 Qd8f6
6.Bc1e3 Ng8e7
7.b4 Bc5xd4
8.Be3xd4 Nc6xd4
9.cxd4 Ne7c6
10.e5 Qf6f4
11.Bf1d3 Nc6xd4
12.O-O O-O
13.Rf1e1 Rf8e8
14.Re1e4 Qf4g5
15.Re4xd4 Qg5xe5
16.Rd4e4 Qe5xe4
17.Bd3xe4 Re8xe4
18.b5 d6
19.Nb1c3 Re4e8
20.Nc3d5 { resign }
1-0

[Event "Tourn. n8595"]
[Site "www.chess-mail.com"]
[Date "2016.02.17"]
[Round "1"]
[White "Shlomo"]
[Black "Jjmcbride"]
[WhiteElo "1499"]
[BlackElo "1450"]
[Result "0-1"]
[Round "1"]
1.e4 e5
2.Ng1f3 Nb8c6
3.Nb1c3 Nc6d4
4.Nf3xe5 f6
5.Ne5c4 d6
6.Bf1d3 Bc8d7
7.O-O c6
8.f4 b5
9.Nc4e3 b4
10.Nc3a4 Qd8a5
11.c3 Nd4b5
12.c4 Nb5d4
13.b3 g6
14.Bc1b2 Nd4e6
15.f5 Ne6g5
16.Ne3g4 Bf8e7
17.fxg6 hxg6
18.Ng4xf6 Ng8xf6
19.Bb2xf6 Be7xf6
20.Rf1xf6 Ng5h3
21.Kh1 Qa5e5
22.Rf6xg6 Nh3f2
{ resign }
0-1

[Event "Tourn. n8612"]
[Site "www.chess-mail.com"]
[Date "2016.02.17"]
[Round "1"]
[White "0o0o0"]
[Black "Easychess"]
[WhiteElo "1880"]
[BlackElo "1680"]
[Result "1-0"]
[Round "1"]
1.e4 c5
2.Ng1f3 Nb8c6
3.d4 cxd4
4.Nf3xd4 e5
5.Nd4b5 a6
6.Nb5d6 Bf8xd6
7.Qd1xd6 Qd8e7
8.Qd6d1 { time. }
1-0

[Event "Tourn. n8632"]
[Site "www.chess-mail.com"]
[Date "2016.02.17"]
[Round "1"]
[White "Biggles"]
[Black "Falcoale"]
[WhiteElo "1809"]
[BlackElo "1720"]
[Result "1-0"]
[Round "1"]
1.e4 c5
2.d4 cxd4
3.c3 dxc3
4.Nb1xc3 Nb8c6
5.Ng1f3 e6
6.Bf1c4 a6
7.O-O b5
8.Bc4b3 Bc8b7
9.Rf1e1 Bf8c5
10.Bc1e3 Ng8f6
11.Be3xc5 Ra8c8
12.e5 Nf6h5
13.Nc3e4 Nc6e7
14.Ne4d6 Kf8
15.Nd6xb7 Qd8c7
16.Qd1d6 Qc7xd6
17.Bc5xd6 Nh5f4
18.Ra1c1 Nf4d3
19.Rc1xc8 
1-0

[Event "Tourn. n8629"]
[Site "www.chess-mail.com"]
[Date "2016.02.17"]
[Round "1"]
[White "Hansen"]
[Black "Cal"]
[WhiteElo "1550"]
[BlackElo "1650"]
[Result "1-0"]
[Round "1"]
1.e4 c5
2.Bf1c4 Ng8f6
3.d3 h6
4.Qd1f3 e6
5.Ng1h3 d6
6.Nh3f4 Nb8c6
7.Bc1e3 Nc6e5
8.Qf3g3 Bc8d7
9.O-O b5
10.Bc4b3 c4
11.dxc4 Nf6xe4
12.Qg3h3 Qd8f6
13.Nf4h5 Qf6g6
14.f4 Ne5c6
15.cxb5 Nc6b4
16.Nb1a3 e5
17.f5 Bd7xf5
18.Rf1xf5 Bf8e7
19.Bb3xf7 Qg6xf7
20.Rf5xf7 { resign }
1-0

[Event "Tourn. n8531"]
[Site "www.chess-mail.com"]
[Date "2016.02.17"]
[Round "1"]
[White "Xkafi"]
[Black "Genius7"]
[WhiteElo "2020"]
[BlackElo "2110"]
[Result "1-0"]
[Round "1"]
1.e4 e5
2.Qd1h5 Nb8c6
3.Ng1f3 Ng8f6
4.Qh5g5 h6
5.Qg5h4 Bf8e7
6.Qh4g3 Nf6xe4
7.Qg3xg7 Be7f6
8.Qg7g4 d5
9.Qg4h5 Ne4g5
10.d3 Ng5xf3
11.gxf3 Bf6g5
12.Nb1c3 Bc8e6
13.Rh1g1 Bg5xc1
14.Ra1xc1 Qd8f6
15.Nc3b5 O-O-O
16.Bf1h3 Kb8
17.a3 a6
18.Nb5c3 Be6xh3
19.Qh5xh3 Nc6d4
20.Rg1g3 c6
21.Nc3a4 Rd8g8
22.Na4c5 Ka7
23.Qh3d7 Rg8b8
24.b4 Rh8d8
25.Qd7c7 Nd4b5
26.Nc5d7 Nb5xc7
27.Nd7xf6 Nc7e6
28.c3 Ne6f4
29.Kd2 { time. }
1-0

[Event "Tourn. n8570"]
[Site "www.chess-mail.com"]
[Date "2016.02.17"]
[Round "1"]
[White "Gambitchess"]
[Black "Bigrezi"]
[WhiteElo "1770"]
[BlackElo "1760"]
[Result "0-1"]
[Round "1"]
1.e4 c5
2.Ng1f3 d6
3.Bf1b5 Nb8d7
4.O-O a6
5.Bb5xd7 Bc8xd7
6.d4 cxd4
7.Nf3xd4 Ng8f6
8.Nb1c3 g6
9.Rf1e1 Bf8g7
10.h3 O-O
11.Bc1e3 Ra8c8
12.Qd1d2 e6
13.Be3h6 Qd8c7
14.Bh6xg7 Kxg7
 { time }
0-1

[Event "Tourn. n8582"]
[Site "www.chess-mail.com"]
[Date "2016.02.17"]
[Round "1"]
[White "Numanoid"]
[Black "Glenno"]
[WhiteElo "2470"]
[BlackElo "2400"]
[Result "1/2-1/2"]
[Round "1"]
1.e4 e5
2.Nb1c3 Ng8f6
3.Bf1c4 Nb8c6
4.d3 Bf8c5
5.f4 d6
6.Ng1f3 Bc8g4
7.Nc3a4 b6
8.Na4xc5 bxc5
9.O-O O-O
10.h3 Bg4xf3
11.Qd1xf3 exf4
12.Bc1xf4 Ra8b8
13.Bc4b3 Nc6d4
14.Qf3f2 d5
15.Bf4g5 dxe4
16.dxe4 c4
17.Bg5xf6 Qd8xf6
18.Qf2xf6 gxf6
19.Bb3xc4 Rb8xb2
20.c3 Nd4e2
21.Bc4xe2 { draw }
1/2-1/2

[Event "Tourn. n8591"]
[Site "www.chess-mail.com"]
[Date "2016.02.17"]
[Round "1"]
[White "Battlechess"]
[Black "Llcervello"]
[WhiteElo "1620"]
[BlackElo "1650"]
[Result "0-1"]
[Round "1"]
1.d4 d5
2.c4 Ng8f6
3.cxd5 Qd8xd5
4.Nb1c3 Qd5d6
5.Ng1f3 Nf6d5
6.Bc1d2 c6
7.e3 Bc8f5
8.Bf1e2 Nd5b4
9.O-O Qd6g6
10.Nf3h4 Qg6g5
11.Nh4xf5 Qg5xf5
12.a3 Nb4d3
 { time }
0-1

[Event "Match"]
[Site "www.echecsemail.com"]
[Date "2016.02.17"]
[Round "1"]
[White "Karlgrocer"]
[Black "Badshahc"]
[WhiteElo "2050"]
[BlackElo "1649"]
[Result "0-1"]
[Round "1"]
1.Ng1f3 d5
2.e3 Nb8c6
3.Bf1e2 e5
4.d3 Ng8f6
5.O-O Bf8d6
6.Nb1d2 O-O
7.c4 b6
8.cxd5 Nf6xd5
9.a3 Rf8e8
10.e4 Nd5f4
11.Nd2c4 Nf4xe2
12.Qd1xe2 a5
13.Nf3e1 Nc6d4
14.Qe2d1 a4
15.Bc1e3 Nd4b3
16.Ra1b1 f5
17.exf5 Bc8xf5
18.Nc4d2 Nb3c5
19.Nd2c4 Nc5b3
20.Nc4d2 Nb3xd2
21.Qd1xd2 e4
22.d4 Bd6e7
23.Ne1c2 Be7f6
24.Rb1c1 Bf5e6
25.Rf1d1 Be6c4
26.Nc2b4 Bc4b3
27.Rd1e1 c5
28.Nb4c6 Qd8d6
29.Nc6e5 cxd4
30.Ne5g4 Ra8d8
31.Ng4xf6 Qd6xf6
32.Be3g5 e3
33.Bg5xf6 exd2
34.Bf6xd8 dxe1Q
35.Rc1xe1 Re8xe1

0-1

[Event "Match"]
[Site "www.echecsemail.com"]
[Date "2016.02.17"]
[Round "1"]
[White "Potemkine"]
[Black "Timt"]
[WhiteElo "1530"]
[BlackElo "1499"]
[Result "1-0"]
[Round "1"]
1.d4 b6
2.e4 h5
3.d5 Rh8h6
4.c4 Bc8a6
5.b3 Rh6g6
6.Qd1xh5 d6
7.Bf1d3 Rg6xg2
8.Qh5f3 Rg2g6
9.h4 Ng8f6
10.h5 Nf6xh5
11.Qf3xh5 e6
12.Qh5h8 Qd8g5
13.Bc1xg5 Rg6xg5
14.f4 Rg5g3
15.dxe6 Rg3xd3
16.exf7 Kxf7
17.Nb1d2 Rd3e3
18.Kf2 Re3c3
19.Ng1e2 Nb8d7
20.Ne2xc3 Ra8e8
21.Ra1g1 Nd7f6
22.e5 Nf6g4
23.Rg1xg4 Bf8e7
24.Qh8xg7 Ke6
25.Qg7g6 Kd7
26.exd6 cxd6
27.Rh1h7 Ba6b7
28.Nc3d5 Bb7xd5
29.cxd5 Re8f8
30.Qg6e6 Ke8
31.Qe6xe7 
1-0

[Event "Match"]
[Site "www.echecsemail.com"]
[Date "2016.02.17"]
[Round "1"]
[White "Woody"]
[Black "Cal"]
[WhiteElo "1499"]
[BlackElo "1600"]
[Result "1-0"]
[Round "1"]
1.c4 e5
2.Nb1c3 Ng8f6
3.Ng1f3 Nb8c6
4.g3 a6
5.Bf1g2 h6
6.O-O Bf8b4
7.d3 d6
8.Nc3d5 O-O
9.Bc1d2 Bb4xd2
10.Nd5xf6 Qd8xf6
11.Qd1xd2 Bc8g4
12.Nf3e1 Nc6d4
13.e3 Nd4f5
14.h3 Bg4h5
15.g4 Nf5h4
16.gxh5 c6
17.Qd2e2 Qf6g5
18.Qe2g4 Qg5f6
19.f4 Nh4f5
20.e4 Nf5e3
21.fxe5 Qf6xf1
22.Bg2xf1 Ne3xg4
23.hxg4 dxe5
24.Ne1f3 b5
25.Nf3xe5 Ra8c8
26.Ra1c1 b4
27.d4 c5
28.Ne5d7 cxd4
29.Nd7xf8 Kxf8
30.Bf1d3 a5
31.c5 Ke7
32.Kf2 Kf6
33.Kg3 Ke5
34.b3 g6
35.c6 Rc8c7
36.Rc1c5 Ke6
37.hxg6 fxg6
38.Rc5xa5 Rc7xc6
39.Bd3c4 Kf6
40.Ra5d5 d3
41.e5 Ke6
42.Rd5d6 Kxe5
43.Rd6xc6 d2
44.Rc6xg6 d1Q
45.Rg6e6 Kd4
46.Re6d6 { resign }
1-0

[Event "Match"]
[Site "www.echecsemail.com"]
[Date "2016.02.17"]
[Round "1"]
[White "Labtrob"]
[Black "Fbeley"]
[WhiteElo "1499"]
[BlackElo "1829"]
[Result "0-1"]
[Round "1"]
1.e4 e6
2.d4 d5
3.Nb1c3 Ng8f6
4.Bc1g5 Bf8e7
5.e5 Nf6d7
6.Bg5xe7 Qd8xe7
7.f4 a6
8.a4 c5
9.Ng1f3 Nb8c6
 { time }
0-1

[Event "Match"]
[Site "www.echecsemail.com"]
[Date "2016.02.17"]
[Round "1"]
[White "Micheles"]
[Black "Capitaine"]
[WhiteElo "2520"]
[BlackElo "2400"]
[Result "1-0"]
[Round "1"]
1.d4 Ng8f6
2.Ng1f3 g6
3.Bc1g5 Bf8g7
4.Nb1d2 d5
5.e3 O-O
6.Bf1e2 Nb8d7
7.O-O c5
8.c3 h6
9.Bg5h4 Qd8b6
10.Qd1b3 c4
11.Qb3c2 Qb6c7
12.b3 b5
13.a4 cxb3
14.Qc2xb3 bxa4
15.Ra1xa4 Nd7b6
16.Ra4b4 Bc8d7
17.Bh4g3 Qc7c8
18.Rf1a1 Bd7e6
19.Be2a6 Qc8d8
20.Ba6b7 Ra8b8
21.Ra1xa7 Nb6c4
22.Nd2xc4 dxc4
23.Qb3a2 Rb8xb7
24.Rb4xb7 Nf6e4
25.Qa2c2 Be6f5
26.Qc2b2 Ne4xg3
27.hxg3 Bg7f6
28.Nf3d2 Bf5d3
29.e4 e6
30.Rb7d7 Qd8c8
31.Rd7c7 Qc8d8
32.e5 Bf6g7
33.Qb2b7 Qd8d5
34.Rc7xf7 Qd5xb7
35.Rf7xb7 { resign }
1-0

[Event "1/64 Finale"]
[Site "www.chess-mail.com"]
[Date "2016.02.17"]
[Round "1"]
[White "Yangqi"]
[Black "Bluetealeaf"]
[WhiteElo "2620"]
[BlackElo "1770"]
[Result "1-0"]
[Round "1"]
1.e4 e5
2.f4 Qd8h4
3.g3 Qh4h6
4.fxe5 Qh6e6
5.d4 Bf8b4
6.c3 Bb4e7
7.Nb1d2 d5
8.Bf1h3 Qe6g6
9.Bh3xc8 Nb8c6
10.Bc8f5 Qg6h6
11.Nd2f3 g5
12.exd5 Nc6a5
13.Qd1a4 Na5c6
14.h4 Qh6g7
15.dxc6 b6
16.hxg5 h6
17.Qa4a6 h5
18.Qa6b7 Ra8d8
19.Qb7xc7 Ng8h6
20.gxh6 Qg7xg3
21.Kd1 Qg3g2
22.Rh1h2 Qg2f1
23.Kc2 O-O
24.Qc7xe7 Qf1c4
25.Qe7g5 { resign }
1-0

[Event "1/64 Finale"]
[Site "www.chess-mail.com"]
[Date "2016.02.17"]
[Round "1"]
[White "Gatrooper"]
[Black "Julian"]
[WhiteElo "1650"]
[BlackElo "2020"]
[Result "0-1"]
[Round "1"]
1.e4 c5
2.d3 d6
3.Ng1f3 Nb8c6
4.h3 Ng8f6
5.a3 e5
6.Nb1c3 Bc8e6
7.Bc1g5 Bf8e7
8.Bg5xf6 Be7xf6
9.Bf1e2 Nc6d4
10.Nf3xd4 exd4
11.Nc3b5 a6
12.Nb5c3 dxc3
13.O-O cxb2
14.Ra1b1 O-O
15.Be2h5 Qd8a5
16.f4 Be6a2
17.Rb1xb2 Bf6xb2
18.Qd1g4 Ba2e6
19.f5 Be6a2
20.h4 Bb2d4
21.Kh1 g6
22.fxg6 fxg6
23.c4 Rf8xf1
24.Kh2 Bd4e5
25.g3 Qa5d2
26.Qg4e2 Rf1f2
27.Qe2xf2 Qd2xf2
28.Kh1 Be5xg3
29.Bh5f3 Qf2h2
{ resign }
0-1

[Event "1/128 Finale"]
[Site "www.chess-mail.com"]
[Date "2016.02.17"]
[Round "1"]
[White "Buchauer"]
[Black "Maredocla"]
[WhiteElo "2309"]
[BlackElo "2100"]
[Result "1-0"]
[Round "1"]
1.d4 d5
2.c4 c6
3.Ng1f3 Ng8f6
4.Nb1c3 Bc8g4
5.Nf3e5 Bg4h5
6.cxd5 Nf6xd5
7.g4 Nd5xc3
8.bxc3 f6
9.Qd1b3 fxe5
10.Qb3xb7 Nb8d7
11.gxh5 exd4
12.Bf1h3 dxc3
13.Bh3xd7 Qd8xd7
14.Qb7xa8 Kf7
15.Qa8b8 c2
16.Bc1b2 Qd7d5
17.Rh1g1 Qd5f5
18.Rg1g3 Qf5a5
19.Bb2c3 Qa5d5
20.Rg3f3 Ke6
21.Qb8c8 Qd5d7
22.Rf3e3 { resign }
1-0

[Event "Eq:La Taverne-Good team : "]
[Site "www.chess-mail.com"]
[Date "2016.02.17"]
[Round "1"]
[White "Jaroslavpech"]
[Black "Gilliere"]
[WhiteElo "2020"]
[BlackElo "1860"]
[Result "0-1"]
[Round "1"]
1.d4 Ng8f6
2.c4 g6
3.Nb1c3 Bf8g7
4.e4 d6
5.Ng1f3 Nb8d7
6.Bf1e2 O-O
7.O-O b6
8.e5 dxe5
9.dxe5 Nf6e8
10.e6 fxe6
11.Nf3g5 Rf8f6
12.Be2g4 e5
13.Qd1d5 Kh8
14.Qd5xa8 Nd7c5
15.Qa8xc8 Qd8xc8
16.Bg4xc8 Ne8d6
17.Bc8h3 Nd6xc4
18.Rf1d1 Nc4d6
19.b4 Nc5b7
20.Nc3d5 Rf6f8
 { time }
0-1

[Event "Tourn. n8534"]
[Site "www.chess-mail.com"]
[Date "2016.02.18"]
[Round "1"]
[White "Goofy"]
[Black "Ffdd65"]
[WhiteElo "2260"]
[BlackElo "2210"]
[Result "1-0"]
[Round "1"]
1.e4 e5
2.Ng1f3 d6
3.d4 Nb8d7
4.Bf1c4 h6
5.dxe5 dxe5
6.Nb1c3 c6
7.O-O b5
8.Bc4xf7 Ke7
9.Nc3xb5 Nd7c5
10.Qd1xd8 Kxd8
11.Rf1d1 Nc5d7
12.Bf7xg8 Rh8xg8
13.Nb5c3 Kc7
14.b3 Bf8d6
15.Bc1b2 Rg8e8
16.a3 Nd7f6
17.Nf3d2 Bc8e6
18.Nc3e2 Nf6g4
19.h3 Ng4f6
20.Ne2g3 Re8f8
21.Nd2f3 Nf6d7
22.Rd1d2 Rf8f6
23.Ra1d1 Be6f7
24.Ng3f5 Rf6xf5
25.exf5 Bf7d5
26.c4 Bd5xf3
27.gxf3 Ra8f8
28.Rd2xd6 Rf8f7
29.Rd6xd7 Rf7xd7
30.Bb2xe5 Kc8
31.Rd1xd7 Kxd7
32.Be5xg7 h5
33.f6 Ke6
34.c5 Kf7
35.h4 Kg6
36.Kg2 Kf7
37.Kg3 Kg6
38.Kf4 a6
39.Ke5 Kf7
40.Kd6 a5
41.Kxc6  { time }
1-0